Die Geschichte der Leiden und des Todes unsres Herrn und Heilandes Jesu Christi

Podrobná bibliografia
Médium: Kniha
Jazyk:angličtina
Fyzický popis:38 s.
Vydavateľské údaje: Neusohl Ph. Machold 1878

MARC

LEADER 00000nam a2200000 a 4500
001 vtls001523223
003 SK-MaSNL
005 20260223134141.0
008 050411 000 0 eng
040 |a SNK  |b slo  |c SNK  |e AACR2 
245 1 4 |a Die Geschichte der Leiden und des Todes unsres Herrn und Heilandes Jesu Christi 
260 |a Neusohl  |b Ph. Machold  |c 1878 
300 |a 38 s. 
999 |c 561074  |d 563004 
952 |a SNK  |b SNK  |y VYP  |7 0  |p 17A0466355  |o snkSD 2829 D1  |i snk970/31  |3 rekatalogizácia  |0 0  |1 0  |4 0  |d 2005-04-11  |l 0  |r 2026-02-23 13:41:41  |w 2026-02-23 
952 |a SNK  |b SNK  |y VYP  |7 0  |p 17A0466173  |o snkSD 2829 D2  |i snk1579/42  |0 0  |1 0  |4 0  |d 2005-04-11  |l 0  |r 2026-02-23 13:41:41  |w 2026-02-23